01932cam a22003375i 4500999001700000001000900017003000900026005001700035008004100052020002500093040003800118082002100156245012400177264008800301300004600389336002600435337002800461338002700489490006000516504005100576520058600627650002901213650003601242650003101278653002701309655001701336700003801353700004401391942001201435952014701447 c27809d2778017220737EG-ScBUE20191204105239.0120321s2013 enka f b 001 0 eng d a9781444335842 (pbk.) aDLCbengerdacDLCdDLCdEG-ScBUE04a410.721bRES22200aResearch methods in clinical linguistics and phonetics :ba practical guide /cedited by Nicole Muller, Martin J. Ball. 1aChicester, West Sussex :bWiley Blackwell / John Wiley and Sons Publication,c2013. axii, 318 pages :billustrations ;c25 cm. atextbtxt2rdacontent aunmediatedbn2rdamedia avolumebnc2rdacarrier0 aGuides to research methods in language and linguistics. aIncludes bibliographical references and index. aThe only volume to offer hands-on information about the wide range of research philosophies, methods and tools used across linguistics, phonetics, and speech science, as applied to disordered speech and language. Covers core topics for students undertaking their own research, including experimental and qualitative methods, sociolinguistics, corpus construction and analysis, data recording, transcription and digital analysis of speech, and speech imaging. Considers the research ethics associated with working with people who have speech, language or other communication diffic. 7aSpeech disorders.2BUEsh 7aCommunicative disorders.2BUEsh 7aLanguage disorders.2BUEsh bHHUUEENNcNovember2019 vReading book1 aMùˆller, Nicole,d1963-eeditor.1 aBall, Martin J.q(Martin John)eeditor. 2ddccBB 00102ddc40708BaccahaMAINbMAINc2NDd2019-11-23ePurchaseg360.00l0o410.721 RESp000048291r2025-07-15 00:00:00v450.00w2019-11-23yBB